|
|
|
|
| LEADER |
00000cam a2200000 7i4500 |
| 001 |
0000075721 |
| 005 |
20040419.0 |
| 020 |
|
|
|a 9839496352
|
| 090 |
0 |
0 |
|a 369.4
|b PER
|
| 245 |
1 |
0 |
|a Pertolongan cemas dan khidmat sosial
|c penyusun oleh Mohd Syahrul Hanafi, Noor Azilawati Mohd Sabda
|
| 260 |
|
|
|a Petaling Jaya :
|b Penapro Sdn. Bhd. ,
|c 2004
|
| 300 |
|
|
|a 52p. :
|b ill. ;
|c 22cm.
|
| 490 |
0 |
|
|a Panduan pengakap dan pandu puteri
|
| 650 |
0 |
0 |
|a Scouts and Scouting
|x Juvenile literature
|
| 999 |
|
|
|a 00168401
|b BUKU
|c JUNIOR BOOKS
|e PERPUSTAKAAN KOMUNITI PETALING JAYA
|
| 999 |
|
|
|a 00168402
|b BUKU
|c JUNIOR BOOKS
|e PERPUSTAKAAN KOMUNITI PETALING JAYA
|
| 999 |
|
|
|a 00278722
|b BUKU
|c JUNIOR BOOKS
|e PERPUSTAKAAN KOMUNITI CAW TAMAN MEDAN
|